| 000 | 00000nam##2200000za#4500 |
| 001 | 9.697722 |
| 003 | CaOODSP |
| 005 | 20250620142759 |
| 007 | cr ||||||||||| |
| 008 | 150407|2013||||xxc|||||o f|0| 0 eng|d |
| 020 | |a978-1-100-22218-9 |
| 040 | |aCaOODSP|beng |
| 043 | |an-cn--- |
| 086 | 1 |aCH4-158/2013E-PDF |
| 110 | 1 |aCanada. |bCanadian Heritage. |
| 245 | 10|aValues and ethics code : |h[electronic resource]|bmore than words |
| 260 | |aOttawa - Ontario : |bCanadian Heritage |cc2012. |
| 300 | |a36p.|breferences |
| 590 | |a15-02-Supp|b2015-02-16 |
| 690 | 07|aEthics|2gcpds |
| 775 | 08|tCode de valeurs et d'éthique : |w(CaOODSP)9.641735 |
| 794 | |tCanadian Heritage values and ethics code. |w(CaOODSP)9.952559 |
| 856 | 40|ahttp://publications.gc.ca|qPDF|s1031 KB|uhttps://publications.gc.ca/collections/collection_2015/pc-ch/CH4-158-2013-eng.pdf |